[Event "83º Final Campeonato Argentino Superior"]
[Site "La Plata, Bs. As. "]
[Date "2008.07.30"]
[Round "1"]
[White "Ricardi, Pablo"]
[Black "Kovalyov, Anton"]
[Result "1/2-1/2"]
[WhiteElo "2515"]
[BlackElo "2548"]
[PlyCount "150"]
[EventDate "2008.07.30"]
[SourceDate "2008.07.30"]

1. Nf3 Nf6 2. c4 e6 3. g3 d5 4. d4 c6 5. Qc2 Be7 6. Bg2 O-O 7. O-O b6 8. Nbd2
Bb7 9. e4 Na6 10. e5 Nd7 11. b3 c5 12. Bb2 Rc8 13. Rad1 Rc7 14. cxd5 Bxd5 15.
Qb1 Qa8 16. Ne1 Nb4 17. Nc4 b5 18. Ne3 Bxg2 19. N1xg2 cxd4 20. Bxd4 Nc6 21. Qa1
Nxd4 22. Qxd4 Rd8 23. Qa1 Bb4 24. Rd3 Rdc8 25. Rfd1 Bc3 26. Rxc3 Rxc3 27. Nc4
Rf3 28. Nh4 bxc4 29. Nxf3 Nb6 30. Qd4 c3 31. Ne1 Nd5 32. Nc2 a5 33. Rc1 h5 34.
Ne3 Nxe3 35. Qxe3 Qc6 36. h4 Rd8 37. Kh2 c2 38. Qe2 Rc8 39. Qd3 g6 40. Kg1 Kg7
41. a3 Qc5 42. Kg2 Qc6+ 43. Kg1 Qc3 44. Qxc3 Rxc3 45. b4 a4 46. b5 Rxa3 47.
Rxc2 Rb3 48. Ra2 Rxb5 49. Rxa4 Rxe5 50. Ra7 Re2 51. Kg2 Kf6 52. Kf3 Rc2 53. Ke3
e5 54. Kf3 Ke6 55. Ke3 f6 56. Ra6+ Kf5 57. Kf3 e4+ 58. Ke3 Rc3+ 59. Ke2 Rf3 60.
Ra4 Rb3 61. Ra6 Rb5 62. Ke3 Rd5 63. Ke2 Ke5 64. Ra8 Rd6 65. Ra5+ Ke6 66. Ke3 f5
67. Ke2 Kf6 68. Ra8 Rb6 69. Ke3 Rb3+ 70. Ke2 Rf3 71. Ra6+ Kg7 72. Ra7+ Kh6 73.
Rf7 Rb3 74. Kf1 Rb8 75. f3 exf3 1/2-1/2

[Event "83º Final Campeonato Argentino Superior"]
[Site "La Plata, Bs. As. "]
[Date "2008.07.30"]
[Round "1"]
[White "Lemos, Damian"]
[Black "Tristan, Leonardo"]
[Result "1-0"]
[WhiteElo "2479"]
[BlackElo "2366"]
[PlyCount "123"]
[EventDate "2008.07.30"]
[SourceDate "2008.07.30"]

1. d4 g6 2. c4 f5 3. g3 Nf6 4. Bg2 Bg7 5. Nf3 O-O 6. O-O d6 7. Nc3 Nc6 8. d5
Na5 9. Qa4 c5 10. dxc6 Nxc6 11. Rd1 Qa5 12. Qb3 Qb4 13. Qxb4 Nxb4 14. Nd4 Rb8
15. a3 Na6 16. Ncb5 e5 17. Nb3 Be6 18. Na5 d5 19. cxd5 Bd7 20. Nc3 Rfc8 21. Be3
b6 22. Nc6 Bxc6 23. dxc6 Ng4 24. Bd5+ Kf8 25. Bc4 Nxe3 26. fxe3 Nc5 27. b4 e4
28. Rac1 Bxc3 29. Rxc3 Na4 30. Rcc1 Rxc6 31. Bb5 Rxc1 32. Rxc1 Nb2 33. Rb1 a6
34. Bxa6 Na4 35. Rc1 b5 36. Rc7 Rb6 37. Bb7 Nb2 38. Bd5 Nd1 39. Bb3 Nxe3 40. h3
Rd6 41. Kf2 Nd1+ 42. Ke1 Ne3 43. Rc3 f4 44. Kf2 g5 45. Rc5 Ra6 46. gxf4 gxf4
47. Bd5 Rxa3 48. Bxe4 Nc4 49. Rf5+ Kg7 50. Bd3 Nb2 51. Bxb5 Nd1+ 52. Ke1 Ne3
53. Rc5 Rb3 54. Bd3 Rxb4 55. Rc7+ Kf6 56. Rxh7 f3 57. exf3 Rb2 58. Ra7 Ng2+ 59.
Kd1 Nf4 60. Bc2 Nxh3 61. Kc1 Rb6 62. Rh7 1-0

[Event "83º Final Campeonato Argentino Superior"]
[Site "La Plata, Bs. As. "]
[Date "2008.07.30"]
[Round "1"]
[White "Felgaer, Ruben"]
[Black "Flores, Diego"]
[Result "1/2-1/2"]
[WhiteElo "2566"]
[BlackElo "2553"]
[PlyCount "67"]
[EventDate "2008.07.30"]
[SourceDate "2008.07.30"]

1. e4 c5 2. Nf3 e6 3. d4 cxd4 4. Nxd4 a6 5. Nc3 Qc7 6. Bd3 Nf6 7. O-O Bc5 8.
Nb3 Be7 9. a4 b6 10. f4 d6 11. e5 dxe5 12. fxe5 Nfd7 13. Qg4 g6 14. Bh6 Nc6 15.
Rae1 Ncxe5 16. Qg3 Bf8 17. Bxf8 Rxf8 18. Ne4 Ra7 19. Nd4 Ke7 20. Kh1 f6 21.
Nxf6 Rxf6 22. Rxf6 Nxf6 23. Rxe5 Kf7 24. h3 Qd6 25. Qe3 Rc7 26. c3 Rc5 27. Nf3
Ke7 28. Bc2 Bb7 29. Bb3 Rxe5 30. Nxe5 Be4 31. Qg5 Qc5 32. Qf4 Qd6 33. Qg5 Qc5
34. Qf4 1/2-1/2

[Event "83º Final Campeonato Argentino Superior"]
[Site "La Plata, Bs. As. "]
[Date "2008.07.30"]
[Round "1"]
[White "Quiroga, Facundo"]
[Black "Di Benedetto, Guillermo"]
[Result "1/2-1/2"]
[WhiteElo "2339"]
[BlackElo "2300"]
[PlyCount "61"]
[EventDate "2008.07.30"]
[SourceDate "2008.07.30"]

1. Nf3 g6 2. c4 f5 3. Nc3 Nf6 4. g3 Bg7 5. Bg2 d6 6. Rb1 O-O 7. O-O a5 8. a3
Nc6 9. b4 axb4 10. axb4 e5 11. b5 Ne7 12. Qb3 e4 13. Ne1 Be6 14. d3 d5 15. dxe4
dxe4 16. Nc2 Qe8 17. Rd1 Qf7 18. Ne3 f4 19. gxf4 Nh5 20. Ned5 Bxd5 21. Nxd5
Nxd5 22. Rxd5 Nxf4 23. Bxf4 Qxf4 24. Qg3 Ra2 25. Qxf4 Rxf4 26. Rd8+ Bf8 27. e3
Rfxf2 28. Bxe4 Kg7 29. Rf1 Rxf1+ 30. Kxf1 b6 31. h3 1/2-1/2

[Event "83º Final Campeonato Argentino Superior"]
[Site "La Plata, Bs. As. "]
[Date "2008.07.30"]
[Round "1"]
[White "Orsini, Antonio"]
[Black "Peralta, Fernando"]
[Result "0-1"]
[WhiteElo "2341"]
[BlackElo "2558"]
[PlyCount "68"]
[EventDate "2008.07.30"]
[SourceDate "2008.07.30"]

1. e4 c6 2. d4 d5 3. e5 Bf5 4. Nd2 e6 5. Nb3 Nd7 6. Nf3 Ne7 7. Be2 h6 8. O-O
Bh7 9. Bd2 Ng6 10. a4 Be7 11. a5 O-O 12. c4 Nh4 13. Nxh4 Bxh4 14. Bb4 Be7 15.
Bc3 dxc4 16. Bxc4 b5 17. axb6 axb6 18. Qf3 Qc7 19. Rac1 Rfc8 20. Bd2 Qd8 21.
Rfe1 Qe8 22. Bf1 Ra2 23. Bf4 Rxb2 24. Nd2 b5 25. Qc3 Ra2 26. Bxb5 Rc2 27. Rxc2
Bxc2 28. Qxc2 cxb5 29. Qb3 Nb6 30. Ne4 Nd5 31. Bd2 Rc4 32. Bc3 Qc6 33. Bb2 Rb4
34. Qa2 Qc2 0-1

[Event "83º Final Campeonato Argentino Superior"]
[Site "La Plata, Bs. As. "]
[Date "2008.07.30"]
[Round "1"]
[White "Alonso, Salvador"]
[Black "Pierrot, Facundo"]
[Result "1-0"]
[WhiteElo "2437"]
[BlackElo "2421"]
[PlyCount "129"]
[EventDate "2008.07.30"]
[SourceDate "2008.07.30"]

1. e4 e5 2. Nf3 Nf6 3. Nxe5 d6 4. Nf3 Nxe4 5. Nc3 Nf6 6. d4 Be7 7. Bd3 O-O 8.
h3 Re8 9. O-O Nbd7 10. Bf4 Nf8 11. Qd2 Ng6 12. Bh2 Bd7 13. Rfe1 Bf8 14. Rxe8
Qxe8 15. a4 Ne7 16. a5 Bc6 17. Ng5 h6 18. Nge4 Nxe4 19. Nxe4 Ng6 20. Nc3 Ne7
21. a6 b6 22. Re1 Qd7 23. Qe2 d5 24. Qg4 Rc8 25. Qxd7 Bxd7 26. Nb5 c6 27. Nd6
Ra8 28. c3 c5 29. Bb5 Bxb5 30. Nxb5 Nc6 31. Bc7 cxd4 32. cxd4 f6 33. Bf4 g5 34.
Bd2 Kf7 35. Kf1 Rc8 36. Rc1 Ke6 37. Ke2 Kd7 38. g4 Bd6 39. h4 gxh4 40. Rh1 Nb8
41. Nxd6 Kxd6 42. Bf4+ Ke6 43. Bxb8 Rxb8 44. Rxh4 Rh8 45. Rh5 Kd6 46. Kd3 Kc6
47. f3 Kb5 48. Rxd5+ Kxa6 49. Rf5 Rf8 50. Rh5 Rh8 51. b4 Rh7 52. Kc4 Rc7+ 53.
Kd3 Rh7 54. Kc3 Rh8 55. Kb3 Re8 56. Rf5 Re6 57. d5 Re5 58. Rxf6 Kb5 59. Kc3 h5
60. Kd4 Re1 61. gxh5 Kxb4 62. h6 Rh1 63. d6 b5 64. Kd5 a5 65. d7 1-0

[Event "83º Final Campeonato Argentino Superior"]
[Site "La Plata, Bs. As. "]
[Date "2008.07.31"]
[Round "2"]
[White "Kovalyov, Anton"]
[Black "Pierrot, Facundo"]
[Result "1-0"]
[WhiteElo "254"]
[BlackElo "242"]
[PlyCount "105"]
[EventDate "2008.07.30"]
[SourceDate "2008.07.30"]

1. c4 c5 2. Nf3 Nc6 3. Nc3 e5 4. g3 g6 5. Bg2 Bg7 6. a3 Nge7 7. O-O O-O 8. Rb1
a5 9. Ne1 d6 10. Nc2 Be6 11. Ne3 Rb8 12. d3 Nd4 13. Ned5 Nxd5 14. Nxd5 b5 15.
e3 Nf5 16. Bd2 b4 17. axb4 axb4 18. Ra1 Ne7 19. Nxe7+ Qxe7 20. Qb3 f5 21. Ra5
Qf7 22. Qa4 Rfc8 23. Ra7 Rc7 24. Rxc7 Qxc7 25. b3 Rd8 26. Rc1 Qd7 27. Bc6 Qf7
28. Rc2 Bf8 29. d4 exd4 30. exd4 d5 31. dxc5 dxc4 32. bxc4 Bxc4 33. Qxb4 Bb3
34. Rc1 Rc8 35. Bf3 Bd5 36. Bxd5 Qxd5 37. Be3 Rc6 38. h4 Re6 39. Qc3 Rc6 40.
Kh2 Be7 41. Qb4 Kf7 42. Rc2 Rc7 43. Qf4 Rc8 44. Rd2 Qe6 45. Qb4 Qc6 46. Qb3+
Qe6 47. Qb7 Qc6 48. Qa7 Rc7 49. Qb6 Rc8 50. Ra2 Qe6 51. Ra7 Qxb6 52. cxb6 Ke6
53. b7 1-0

[Event "83º Final Campeonato Argentino Superior"]
[Site "La Plata, Bs. As. "]
[Date "2008.07.31"]
[Round "2"]
[White "Di Benedetto, Guillermo"]
[Black "Orsini, Antonio"]
[Result "0-1"]
[WhiteElo "230"]
[BlackElo "234"]
[PlyCount "82"]
[EventDate "2008.07.30"]
[SourceDate "2008.07.30"]

1. d4 Nf6 2. c4 g6 3. Nc3 Bg7 4. e4 d6 5. Be2 O-O 6. Nf3 Na6 7. O-O e5 8. Be3
Ng4 9. Bg5 Qe8 10. dxe5 dxe5 11. h3 f6 12. Bd2 Nh6 13. Be3 c6 14. c5 Nf7 15.
Bxa6 bxa6 16. Qa4 Rb8 17. b3 f5 18. exf5 gxf5 19. Rad1 Rb7 20. Rfe1 Re7 21. Qh4
h6 22. Bd4 Ng5 23. Nxg5 hxg5 24. Qxg5 Re6 25. Bxe5 Rxe5 26. Rxe5 Qxe5 27. Na4
Be6 28. Qe3 Qxe3 29. fxe3 Bf6 30. Kf2 Rd8 31. Rxd8+ Bxd8 32. Nb2 a5 33. Nd3 Bc7
34. Ke2 Kf7 35. e4 fxe4 36. Nf2 a4 37. Nxe4 axb3 38. axb3 Bxb3 39. g4 a5 40.
Nd2 Bd5 41. Kd3 Kf6 0-1

[Event "83º Final Campeonato Argentino Superior"]
[Site "La Plata, Bs. As. "]
[Date "2008.07.31"]
[Round "2"]
[White "Flores, Diego"]
[Black "Quiroga, Facundo"]
[Result "1-0"]
[WhiteElo "255"]
[BlackElo "233"]
[PlyCount "68"]
[EventDate "2008.07.30"]
[SourceDate "2008.07.30"]

1. d4 Nf6 2. c4 g6 3. Nc3 Bg7 4. Nf3 d6 5. e4 O-O 6. Be2 e5 7. d5 a5 8. Bg5 h6
9. Bh4 Na6 10. Nd2 Nc5 11. Qc2 c6 12. O-O Bd7 13. b3 Qb8 14. a3 cxd5 15. cxd5
Rc8 16. Qb2 Nh7 17. b4 axb4 18. axb4 Na4 19. Nxa4 Rxa4 20. b5 Qa7 21. Nc4 Rxa1
22. Rxa1 Qc5 23. b6 f5 24. Ra5 Qd4 25. Qxd4 exd4 26. f3 fxe4 27. fxe4 Nf6 28.
Nxd6 Rc2 29. Ra8+ Kh7 30. Bxf6 Bxf6 31. Ra7 d3 32. Bxd3 Rd2 33. Rxb7 Rxd3 34.
Rxd7+ Kg8 1-0

[Event "83º Final Campeonato Argentino Superior"]
[Site "La Plata, Bs. As. "]
[Date "2008.07.31"]
[Round "2"]
[White "Ricardi, Pablo"]
[Black "Lemos, Damian"]
[Result "0-1"]
[WhiteElo "251"]
[BlackElo "247"]
[PlyCount "42"]
[EventDate "2008.07.30"]
[SourceDate "2008.07.30"]

1. Nf3 Nf6 2. d4 d5 3. c4 c6 4. e3 Bg4 5. cxd5 Bxf3 6. gxf3 cxd5 7. Nc3 Nc6 8.
h4 e6 9. h5 Rc8 10. Bd2 Bd6 11. f4 O-O 12. Bd3 Na5 13. b3 Bb4 14. Nb1 Qe7 15.
h6 g6 16. Bxb4 Qxb4+ 17. Qd2 Nc6 18. f3 Rc7 19. Ke2 Rfc8 20. Rc1 Nxd4+ 21. exd4
Qxd2+ 0-1

[Event "83º Final Campeonato Argentino Superior"]
[Site "La Plata, Bs. As. "]
[Date "2008.08.01"]
[Round "3"]
[White "Lemos, Damian"]
[Black "Kovalyov, Anton"]
[Result "1/2-1/2"]
[WhiteElo "247"]
[BlackElo "254"]
[PlyCount "43"]
[EventDate "2008.07.30"]
[SourceDate "2008.07.30"]

1. d4 Nf6 2. c4 e6 3. Nf3 b6 4. a3 Ba6 5. Qc2 Bb7 6. Nc3 c5 7. e4 cxd4 8. Nxd4
Bc5 9. Nb3 Nc6 10. Bg5 O-O 11. O-O-O Be7 12. Be2 Re8 13. Bf4 e5 14. Be3 d6 15.
Kb1 Nd7 16. Rd2 Qb8 17. Rhd1 Nc5 18. Nd5 Bf8 19. h4 Rc8 20. h5 h6 21. g3 Ba6
22. Rc1 1/2-1/2

[Event "83º Final Campeonato Argentino Superior"]
[Site "La Plata, Bs. As. "]
[Date "2008.08.01"]
[Round "3"]
[White "Quiroga, Facundo"]
[Black "Tristan, Leonardo"]
[Result "0-1"]
[WhiteElo "233"]
[BlackElo "236"]
[PlyCount "82"]
[EventDate "2008.07.30"]
[SourceDate "2008.07.30"]

1. Nf3 g6 2. e4 d6 3. d4 Nf6 4. Nc3 Bg7 5. Be2 O-O 6. O-O c5 7. dxc5 dxc5 8.
Qxd8 Rxd8 9. Be3 b6 10. e5 Ng4 11. Rad1 Nc6 12. Rxd8+ Nxd8 13. Bf4 Ne6 14. Bg3
Bb7 15. Rd1 Rd8 16. Rxd8+ Nxd8 17. h3 Bxf3 18. hxg4 Bxe2 19. Nxe2 Nc6 20. f4 g5
21. fxg5 Bxe5 22. c3 Bxg3 23. Nxg3 Kg7 24. Kf2 Kg6 25. Kf3 Ne5+ 26. Ke4 Nxg4
27. Kf4 Nf2 28. Nf5 Nd3+ 29. Ke4 Nxb2 30. Nxe7+ Kxg5 31. Nc8 f5+ 32. Kd5 Nd1
33. Nxa7 Ne3+ 34. Kc6 Nxg2 35. Nb5 f4 36. Nd6 f3 37. Ne4+ Kf4 38. Nf2 Ke3 39.
Ng4+ Ke2 40. Kxb6 Ne3 41. Nh2 f2 0-1

[Event "83º Final Campeonato Argentino Superior"]
[Site "La Plata, Bs. As. "]
[Date "2008.08.01"]
[Round "3"]
[White "Orsini, Antonio"]
[Black "Flores, Diego"]
[Result "1/2-1/2"]
[WhiteElo "234"]
[BlackElo "255"]
[PlyCount "100"]
[EventDate "2008.07.30"]
[SourceDate "2008.07.30"]

1. e4 c5 2. Nf3 e6 3. Nc3 a6 4. d4 cxd4 5. Nxd4 b5 6. g3 Bb7 7. Bg2 Nf6 8. O-O
b4 9. Na4 Bxe4 10. Bxe4 Nxe4 11. Re1 d5 12. a3 Be7 13. axb4 O-O 14. c3 Qc7 15.
Bf4 Qb7 16. Qd3 Nd7 17. f3 Nef6 18. Nb3 Rfc8 19. Be3 a5 20. Nxa5 Rxa5 21. bxa5
Ne5 22. Qe2 d4 23. Bxd4 Nxf3+ 24. Kf1 Nxd4 25. cxd4 Qh1+ 26. Kf2 Qxh2+ 27. Kf1
Qh3+ 28. Kg1 Qxg3+ 29. Qg2 Qf4 30. Nb6 Qxd4+ 31. Qf2 Qg4+ 32. Qg2 Rc2 33. Qxg4
Bc5+ 34. Kf1 Rf2+ 35. Kg1 Rxb2+ 36. Kf1 Rf2+ 37. Kg1 Rb2+ 38. Kf1 Rf2+ 39. Kg1
Nxg4 40. Nd7 Bd4 41. Ra4 Re2+ 42. Kf1 Rf2+ 43. Kg1 Rd2+ 44. Rxd4 Rxd4 45. Nb6
Rd2 46. Ra1 Ne5 47. a6 Nf3+ 48. Kf1 Nh2+ 49. Ke1 Nf3+ 50. Kf1 Nh2+ 1/2-1/2

[Event "83º Final Campeonato Argentino Superior"]
[Site "La Plata, Bs. As. "]
[Date "2008.08.01"]
[Round "3"]
[White "Alonso, Salvador"]
[Black "Di Benedetto, Guillermo"]
[Result "1-0"]
[WhiteElo "243"]
[BlackElo "230"]
[PlyCount "49"]
[EventDate "2008.07.30"]
[SourceDate "2008.07.30"]

1. e4 c5 2. Nf3 Nc6 3. Nc3 e5 4. Bc4 Be7 5. d3 d6 6. O-O Nf6 7. Ng5 O-O 8. f4
h6 9. Nf3 exf4 10. Bxf4 Be6 11. Nd5 Nxd5 12. Bxd5 Bxd5 13. exd5 Ne5 14. Bxe5
dxe5 15. c4 Bd6 16. g4 g6 17. Kh1 Kh7 18. Rg1 Qe7 19. Qe2 Rae8 20. Rae1 f5 21.
gxf5 gxf5 22. Ng5+ Kh8 23. Qh5 Qf6 24. Ref1 Rd8 25. Ne6 1-0

[Event "83º Final Campeonato Argentino Superior"]
[Site "La Plata, Bs. As. "]
[Date "2008.08.01"]
[Round "3"]
[White "Pierrot, Facundo"]
[Black "Peralta, Fernando"]
[Result "1/2-1/2"]
[WhiteElo "242"]
[BlackElo "255"]
[PlyCount "60"]
[EventDate "2008.07.30"]
[SourceDate "2008.07.30"]

1. e4 d6 2. d4 Nf6 3. Nc3 g6 4. Nf3 Bg7 5. Be2 O-O 6. O-O c6 7. h3 Nbd7 8. e5
Ne8 9. Bg5 dxe5 10. dxe5 Nc7 11. Re1 Ne6 12. Bh4 Nxe5 13. Qxd8 Rxd8 14. Bxe7
Re8 15. Bh4 Nxf3+ 16. Bxf3 Bd7 17. Ne2 Nc5 18. c3 Na4 19. Nd4 Rxe1+ 20. Rxe1
Re8 21. Rd1 Bc8 22. Rd2 Bh6 23. Rc2 c5 24. Nb5 Re1+ 25. Kh2 Bf5 26. Re2 Rxe2
27. Bxe2 Nxb2 28. Nxa7 Be6 29. a3 Bg7 30. Nb5 Kf8 1/2-1/2

[Event "83º Final Campeonato Argentino Superior"]
[Site "La Plata, Bs. As. "]
[Date "2008.08.02"]
[Round "4"]
[White "Kovalyov, Anton"]
[Black "Peralta, Fernando"]
[Result "1/2-1/2"]
[WhiteElo "2548"]
[BlackElo "2558"]

1.c4 e6 2.Nc3 d5 3.d4 Bb4 4.Qa4+ Nc6 5.e3 Nf6 6.Nf3 O-O 7.Bd2 dxc4 8.Bxc4 a6 9.Qc2
Bd6 10.Ne4 Nb4 11.Bxb4 Bxb4+ 12.Ke2 Nxe4 13.Qxe4 Bd6 14.Rhd1 Qe7 15.Kf1 c6 16.Kg1 Bd7
17.Bb3 Rfd8 18.Ne5 Be8 19.Nd3 g6 20.Rac1 Rac8 21.f4 c5 22.dxc5 Bxc5 23.Nxc5 Rxc5
24.Qb4 Rdc8 25.Rxc5  1/2-1/2

[Event "83º Final Campeonato Argentino Superior"]
[Site "La Plata, Bs. As. "]
[Date "2008.08.02"]
[Round "4"]
[White "Di Benedetto, Guillermo"]
[Black "Pierrot, Facundo"]
[Result "1/2-1/2"]
[WhiteElo "2300"]
[BlackElo "2421"]

1.d4 Nf6 2.c4 g6 3.Nc3 d5 4.Bf4 Bg7 5.Rc1 Nh5 6.Bg5 h6 7.Bh4 dxc4 8.e3 Be6 9.Be2
Nf6 10.Nf3 c6 11.O-O Nbd7 12.e4 Rc8 13.Nd2 b5 14.f4 Nb6 15.Bf2 O-O 16.g4 Rc7 17.a4
Rd7 18.f5 Rxd4 19.Bxd4 Qxd4+ 20.Kh1 Bc8 21.axb5 cxb5 22.Nxb5 Qe5 23.Nc3 Bb7 24.Bf3
h5 25.fxg6 hxg4 26.gxf7+ Rxf7 27.Bxg4 Bh6 28.Nf3 Nxe4 29.Qd8+ Kg7 30.Rce1 Nf2+
31.Kg1 Be3 32.Rxf2 Bxf3 33.Rxe3 Qxe3 34.Bxf3 Rxf3 35.Qd2 Qxd2 36.Rxd2 e5 37.Re2
Rf5 38.Nb5 a6 39.Na3 Kf6 40.Re4 Rg5+ 41.Kf2 Kf5 42.Kf3 Rh5 43.h4  1/2-1/2

[Event "83º Final Campeonato Argentino Superior"]
[Site "La Plata, Bs. As. "]
[Date "2008.08.02"]
[Round "4"]
[White "Tristan, Leonardo"]
[Black "Orsini, Antonio"]
[Result "1-0"]
[WhiteElo "2366"]
[BlackElo "2341"]

1.e4 e6 2.d4 d5 3.Nd2 c5 4.c3 cxd4 5.cxd4 dxe4 6.Nxe4 Bb4+ 7.Nc3 Nf6 8.Bd3 O-O 9.Nf3
b6 10.O-O Bb7 11.Bg5 Nbd7 12.Rc1 Rc8 13.Qe2 Bxc3 14.bxc3 Qc7 15.c4 Rfe8 16.Rfe1
h6 17.Bd2 Qc6 18.Qe3 Red8 19.Qf4 e5 20.Qg3 exd4 21.Nxd4 Qxg2+ 22.Qxg2 Bxg2 23.Kxg2
Nc5 24.Bf5 Rxd4 25.Bc3 Rcd8 26.Bxd4 Rxd4 27.Rcd1 Rxd1 28.Rxd1 g6 29.Rd8+ Kg7 30.Bh3 Nfe4
31.Ra8 Nd6 32.Rxa7 Nxc4 33.Bd7 Kf6 34.a4 Ke5 35.Be8 Nd6 36.Bxf7 Nxf7 37.Rxf7 Nxa4
38.Rg7 Kf5 39.Ra7 Nc3 40.Rc7 Nd5 41.Rc6 h5 42.h4 Ke4 43.Kf1 b5 44.Rxg6 b4 45.Ke1
Nf4 46.Rb6 Kf3 47.Kf1 Nd3 48.Rb5 Kg4 49.Rd5 Nf4 50.Rd4 b3 51.Rb4 b2 52.Rxb2 Kxh4
53.Rb3 Kg4 54.Kg1 h4 55.Kh2 Nd5  1-0

[Event "83º Final Campeonato Argentino Superior"]
[Site "La Plata, Bs. As. "]
[Date "2008.08.02"]
[Round "4"]
[White "Ricardi, Pablo"]
[Black "Quiroga, Facundo"]
[Result "1-0"]
[WhiteElo "2515"]
[BlackElo "2339"]

1.e4 c5 2.Nf3 d6 3.d4 cxd4 4.Nxd4 Nf6 5.Nc3 a6 6.Bg5 e6 7.Qe2 Be7 8.f4 h6 9.Bh4
Nxe4 10.Bxe7 Nxc3 11.Qc4 Kxe7 12.Qxc3 Re8 13.O-O-O Kf8 14.Be2 d5 15.g4 Nc6 16.h4
Bd7 17.g5 Qc7 18.Kb1 h5 19.Bxh5 Rac8 20.Nb3 Kg8 21.Qd2 e5 22.g6 f6 23.Bf3 e4 24.Bxe4
dxe4 25.Qxd7 Qxd7 26.Rxd7 e3 27.Re1 Re4 28.Nc5 Rxf4 29.Ne6 Rxh4 30.Rxg7+ Kh8 31.Rf7
Rg8 32.Rxf6 Ne5 33.g7+ Kh7 34.b3 Ng4 35.Rf4 Kg6 36.Rg1 Kh5 37.Rf8 Nh6 38.Rg5#  1-0

[Event "83º Final Campeonato Argentino Superior"]
[Site "La Plata, Bs. As. "]
[Date "2008.08.02"]
[Round "4"]
[White "Lemos, Damian"]
[Black "Felgaer, Ruben"]
[Result "1/2-1/2"]
[WhiteElo "2479"]
[BlackElo "2566"]

1.d4 d5 2.Nf3 Nf6 3.c4 c6 4.Nc3 dxc4 5.a4 Bf5 6.e3 e6 7.Bxc4 Bb4 8.O-O O-O 9.Qe2
Bg4 10.Rd1 Nbd7 11.e4 Qe7 12.h3 Bh5 13.g4 Bg6 14.Bd3 Rac8 15.Bf4 c5 16.d5 exd5 17.exd5
Qxe2 18.Bxe2 Rfe8 19.Bb5 a6 20.Bxd7 Nxd7 21.d6 Bxc3 22.bxc3 f6 23.a5 Kf7 24.Nd2
Bd3 25.Nf1 c4 26.Ne3 Rc5 27.Ra4 Ke6 28.Bg3 Ne5 29.f4 Nc6 30.d7 Rd8 31.f5+ Ke7 32.Bc7
Rxd7 33.Bb6 Re5 34.Nxc4 Bxc4 35.Rxd7+ Kxd7 36.Rxc4 Re2 37.Ra4 Rc2 38.Ra3 Ne5 39.c4
Nxc4 40.Rb3 Kc6 41.Rb4 Ne5 42.Bf2 Nc4 43.Bb6 Kd5 44.Bc7 Rb2 45.Ra4 Kc5 46.Ra1
Kc6 47.Rc1 Kxc7 48.Rxc4+ Kd6 49.Rd4+ Ke5 50.Rd7 g6 51.Rxh7 g5 52.Rf7 Rb5 53.Kg2
Rxa5 54.Rxb7 Ra2+ 55.Kg3 Ra3+ 56.Kg2 Ra2+ 57.Kg3 Ra3+ 58.Kg2 a5 59.Rb6 Ra2+ 60.Kf3
Ra3+ 61.Kg2 Kf4 62.Rxf6 Rg3+ 63.Kf2 Rxh3 64.Ra6 Ra3 65.f6 Ra2+ 66.Kf1 Ra1+ 67.Kf2
Ra2+ 68.Kf1 Kg3 69.f7 Rf2+ 70.Kg1 Rg2+ 71.Kf1 Rf2+ 72.Kg1 Rxf7 73.Rxa5 Kxg4 74.Kg2
Rb7 75.Ra4+  1/2-1/2

[Event "83º Final Campeonato Argentino Superior"]
[Site "La Plata, Bs. As."]
[Date "2008.08.03"]
[Round "5"]
[White "Orsini, Antonio"]
[Black "Ricardi, Pablo"]
[Result "1/2-1/2"]
[WhiteElo "2341"]
[BlackElo "2515"]

1.e4 c5 2.Nf3 d6 3.d4 cxd4 4.Nxd4 Nf6 5.Nc3 a6 6.Be3 e5 7.Nb3 Be6 8.Qd2 Be7 9.O-O-O
O-O 10.f4 Ng4 11.g3 Nc6 12.Bg1 Rc8 13.Kb1 Nf6 14.f5 Bxb3 15.cxb3 Re8 16.g4 d5 17.exd5
Nd4 18.Bxd4 exd4 19.Qxd4 Bc5 20.Qf4 Bd6 21.Qf3 Qb6 22.Bd3 Re3 23.Qg2 Rce8 24.g5
Nh5 25.Bc2 Nf4 26.Qd2 Ne2 27.Rhe1 Bb4 28.Bd3 Nxc3+ 29.bxc3 Bc5 30.Rf1 Qd8 31.g6 Qf6
32.d6 Rd8 33.gxf7+ Kf8 34.b4 Rxd6 35.bxc5 Rdxd3 36.Qxd3 Rxd3 37.Rxd3 Qc6 38.Rfd1
Qb5+ 39.Kc1 Qxc5 40.Rd7 Qxc3+ 41.Kb1 Qb4+ 42.Kc2 a5 43.R1d5 a4 44.Kd3 Qb1+ 45.Ke3
Qxa2 46.Re5 Qa3+ 47.Kf4 Qc1+ 48.Kg3 Qg1+ 49.Kf3 Qf1+ 50.Kg3 Qg1+ 51.Kf3 Qh1+  1/2-1/2

[Event "83º Final Campeonato Argentino Superior"]
[Site "La Plata, Bs. As."]
[Date "2008.08.03"]
[Round "5"]
[White "Alonso, Salvador"]
[Black "Tristan, Leonardo"]
[Result "1-0"]
[WhiteElo "2479"]
[BlackElo "2366"]

1.e4 e5 2.Nf3 Nc6 3.Bc4 Bc5 4.c3 Nf6 5.d3 d6 6.Bb3 h6 7.O-O O-O 8.Be3 Bb6 9.Nbd2
Ne7 10.h3 Ng6 11.Re1 Qe7 12.Nf1 Nh5 13.Kh2 Nhf4 14.Bxb6 axb6 15.Ne3 Be6 16.Bc2
Qf6 17.Ng1 Bd7 18.g3 Ne6 19.Rf1 Qd8 20.a3 Kh8 21.Qd2 Ne7 22.Rae1 Qc8 23.h4 Bb5
24.Ne2 f5 25.exf5 Nxf5 26.d4 Nxe3 27.fxe3 Qd7 28.a4 Bxe2 29.Qxe2 d5 30.dxe5 Nc5
31.Qh5 Qe6 32.Bf5 Qe8 33.Bg6 Qxa4 34.Kg1 Ne4 35.Qg4 Nc5 36.Rxf8+ Rxf8 37.Qxa4 Nxa4
38.e6  1-0

[Event "83º Final Campeonato Argentino Superior"]
[Site "LA Plata, Bs. As."]
[Date "2008.08.03"]
[Round "5"]
[White "Pierrot, Facundo"]
[Black "Flores, Diego"]
[Result "0-1"]
[WhiteElo "2421"]
[BlackElo "2553"]

1.e4 g6 2.d4 Bg7 3.Nf3 d6 4.Be2 Nf6 5.Nc3 O-O 6.O-O c6 7.h3 Nbd7 8.e5 Ne8 9.Bf4
dxe5 10.dxe5 Nc7 11.Re1 Ne6 12.Bg3 b5 13.a4 b4 14.Nb1 Qc7 15.Bf1 Rd8 16.Nbd2 a5 17.Qe2
Nb6 18.Nc4 Nd5 19.Qe4 Bb7 20.Qh4 h6 21.Nd4 Ndf4 22.Nxe6 Nxe6 23.Rad1 c5 24.b3 h5
25.Bd3 Rd4 26.f4 Bh6 27.Bh2 Nxf4 28.e6 f6 29.Bxg6 Ne2+  0-1

[Event "83º Final Campeonato Argentino Superior"]
[Site "La Plata, Bs. As."]
[Date "2008.08.03"]
[Round "5"]
[White "Peralta, Fernando"]
[Black "Di Benedetto, Guillermo"]
[Result "1-0"]
[WhiteElo "2558"]
[BlackElo "2300"]

1.d4 f5 2.g3 Nf6 3.Bg2 g6 4.c4 Bg7 5.Nf3 d6 6.O-O O-O 7.Nc3 Qe8 8.d5 Na6 9.Rb1 c5
10.dxc6 bxc6 11.b4 Bd7 12.b5 cxb5 13.cxb5 Nc5 14.a4 Rc8 15.Bb2 h6 16.Nd4 g5 17.Nc6 Bxc6
18.bxc6 Rxc6 19.Bxc6 Qxc6 20.Nb5 Qd7 21.Bd4 a6 22.Nc3 Rc8 23.Bxf6 Bxf6 24.Nd5 Qe6
25.Nxf6+ Qxf6 26.a5 Qe6 27.Rb2 f4 28.Rb4 Na4 29.Qd3 Nc3 30.Kg2 Nd5 31.Re4 Qf5
32.Rc4 Rf8 33.Qxf5 Rxf5 34.Rc6 Re5 35.Rd1 g4 36.Kf1 Rh5 37.gxf4 Nxf4 38.Rd4 Rf5
39.Rxa6 h5 40.f3 Ne6 41.Rd3 Kf7 42.Ra8 Nc7 43.Ra7 Ne6 44.Re3 Kf6 45.Ra8 Kf7 46.Ra3 Nd4
47.a6 gxf3 48.exf3 Nxf3 49.a7 Nd4+ 50.Kg2 Rg5+ 51.Kf2 Rf5+ 52.Kg2 Rg5+ 53.Kh1 Nc6
54.Rf8+  1-0

[Event "83º Final Campeonato Argentino Superior"]
[Site "La Plata, Bs. As."]
[Date "2008.08.04"]
[Round "6"]
[White "Kovalyov, Anton"]
[Black "Di Benedetto, Guillermo"]
[Result "1/2-1/2"]
[WhiteElo "2548"]
[BlackElo "2300"]

1.c4 f5 2.g3 Nf6 3.Bg2 g6 4.Nc3 Bg7 5.d3 d6 6.e4 O-O 7.Nge2 e5 8.O-O Nc6 9.Nd5 Be6
10.Bg5 Bxd5 11.cxd5 Ne7 12.Rc1 c5 13.dxc6 bxc6 14.exf5 gxf5 15.Bxf6 Bxf6 16.Bxc6 Rb8
17.Ba4 Rxb2 18.Bb3+ Kh8 19.Nc3 Bg5 20.Rc2 Rxc2 21.Qxc2 Qa5 22.Nd1 f4 23.Qe2 Nf5
24.Qg4 Nd4 25.Nb2 Qc5 26.Nc4 Qc6 27.Bd1 Rg8 28.Qh5 e4 29.Na5 Qd5 30.Nb3 e3 31.Nxd4 exf2+
32.Rxf2 fxg3 33.hxg3 Qxd4 34.Kg2 Be3 35.Rf7 Qxd3 36.Qf5 Qxf5 37.Rxf5 Kg7 38.Rf3
Re8 39.Bc2 h6 40.Be4  1/2-1/2

[Event "83º Final Campeonato Argentino Superior"]
[Site "La Plata, Bs. As."]
[Date "2008.08.04"]
[Round "6"]
[White "Flores, Diego"]
[Black "Peralta, Fernando"]
[Result "1/2-1/2"]
[WhiteElo "2553"]
[BlackElo "2558"]

1.e4 d6 2.c4 g6 3.Nc3 Bg7 4.g3 c5 5.Bg2 Nc6 6.Nge2 e6 7.O-O Nge7 8.a3 a5 9.Rb1 O-O
10.d3 Bd7 11.Be3 e5 12.Nd5 Nxd5 13.exd5 Nd4 14.b4 Nxe2+ 15.Qxe2 axb4 16.axb4 b6 17.Qd2
 1/2-1/2

[Event "83º Final Campeonato Argentino Superior"]
[Site "La Plata, Bs. As."]
[Date "2008.08.04"]
[Round "6"]
[White "Tristan, Leonardo"]
[Black "Pierrot, Facundo"]
[Result "1/2-1/2"]
[WhiteElo "2366"]
[BlackElo "2421"]

1.e4 e5 2.Nf3 Nf6 3.Nxe5 d6 4.Nf3 Nxe4 5.d3 Nf6 6.d4 Be7 7.Be2 O-O 8.O-O Re8 9.c4
d5 10.Nc3 c6 11.Qb3 Qb6 12.Bf4 dxc4 13.Bxc4 Qxb3 14.Bxb3 Bg4 15.Ne5 Be6 16.Bxe6
 1/2-1/2